CELINE IN PEMBE DEFTERİ (Kayıt no. 803853)

MARC ayrıntıları
000 -LEADER
sabit uzunluktaki kontrol alanı 00255nam a2200097Ia 4500
001 - KONTROL NUMARASI
kontrol alanı 803853
005 - EN SON İŞLEMİN TARİH VE ZAMANI
kontrol alanı 20250826171122.0
008 - SABİT-UZUNLUKTA VERİ ÖĞELERİ--GENEL BİLGİ
sabit uzunluktaki kontrol alanı 250824s9999 xx 000 0 und d
245 #0 - ESER / YAZAR
ESER ADI CELINE IN PEMBE DEFTERİ
Yazar Adı ECEHAN ERGİN ÇETİN
260 ## - YAYIN, DAĞITIM, VB.
YAYIN EVİ ÇOCUK GEZEGENİ
Mevcut
Düşüm durumu Kayıp durumu Hasar Durumu Ödünç verilmez Ana kütüphane Geçerli Kütüphane Edinilen tarih Toplam ödünç verme sayısı Barkod Son görüntüleme tarihi Son ödünç verme tarihi Fiyatın geçerli olmaya başladığı tarih Koha materyal türü
        ŞÜKRİYE ONSUN İLKOKULU ŞÜKRİYE ONSUN İLKOKULU 24.08.2025 1 10154270 29.12.2025 19.12.2025 26.08.2025 Kitaplar
Gemini Bilgi Teknolojileri A.Ş. tarafından düzenlenmiştir.